Study guide Introduction to investments /

This book is about: Bond, stocks, and other financial securities; Security markets; Regulation and ethics; Calcilating rates of return; ...

שמור ב:
מידע ביבליוגרפי
מחבר ראשי: Levy, Haim.
פורמט: ספר
שפה:English
יצא לאור: Cincinnati, OH : South-Western College, 1999.
מהדורה:2nd ed.
נושאים:
תגים: הוספת תג
אין תגיות, היה/י הראשונ/ה לתייג את הרשומה!
Thư viện lưu trữ: Mạng thư viện Đại học Đà Nẵng
LEADER 01059cam a2200373 i 4500
001 000049461
003 9207
005 20051111143626.0
008 010320b1999 vm 000 eng
020 |a 0538885521 
040 |a IRC  |c IRC  |d IRC 
041 0 |a eng 
082 1 4 |a 658.1554  |b LE-H 
100 1 |a Levy, Haim. 
245 0 0 |a Study guide Introduction to investments /  |c Haim Levy. 
250 |a 2nd ed. 
260 |a Cincinnati, OH :  |b South-Western College,  |c 1999. 
300 |a 384p. :  |b ill. ;  |c 27.5cm. 
520 3 |a This book is about: Bond, stocks, and other financial securities; Security markets; Regulation and ethics; Calcilating rates of return; ... 
630 0 4 |a Finance. 
630 0 4 |a Corporations. 
630 0 4 |a Investments. 
650 0 4 |a Corporations  |x Finance. 
650 0 4 |a Investments. 
OWN |a DUT 
999 |a From the UDN01 
TYP |a Monograph 
TYP |a Printed language 
980 |a Mạng thư viện Đại học Đà Nẵng